Nová směrnice o spotřebitelských úvěrech přichází

Návrh novej smernice o spotrebiteľských úveroch (CCD II) patrí medzi dôležité návrhy, o ktorých české predsedníctvo na poli finančných služieb rokuje. Cieľom návrhu je modernizovať súčasné pravidlá EU z roku 2008 týkajúce sa spotrebiteľského úveru na nákup tovaru a služieb a reagovať na niektoré fin...

Descrizione completa

Salvato in:
Dettagli Bibliografici
Autore principale: Dupáková, Lenka
Natura: Capitolo di libro
Lingua:ceco
Soggetti:
Tags: Aggiungi Tag
Nessun Tag, puoi essere il primo ad aggiungerne!!

MARC

LEADER 00000naa a2200000 4500
001 0289286
005 20240417075220.9
041 0 |a cze 
044 |a CZ 
245 1 0 |a Nová směrnice o spotřebitelských úvěrech přichází  |c Lenka Dupáková 
520 |a Návrh novej smernice o spotrebiteľských úveroch (CCD II) patrí medzi dôležité návrhy, o ktorých české predsedníctvo na poli finančných služieb rokuje. Cieľom návrhu je modernizovať súčasné pravidlá EU z roku 2008 týkajúce sa spotrebiteľského úveru na nákup tovaru a služieb a reagovať na niektoré finančné inovácie. 
610 2 0 |a úver spotrebiteľský 
610 2 0 |a ochrana spotrebiteľa 
610 2 0 |a služby finančné 
610 2 0 |a regulácia 
610 2 0 |a smernice 
610 2 0 |a Európska únia 
100 1 |a Dupáková, Lenka